Byzance et les Arabes /

Bibliographic Details
Main Author: Vasilʹev, A. A. (Aleksandr Aleksandrovich), 1867-1953
Format: Book
Language:French
Published: Bruxelles : Institut de philologie et d'histoire orientales, 1935-
Series:Corpus bruxellense historiae byzantinae ; 1.
Subjects:

MARC

Tag First Indicator Second Indicator Subfields
LEADER 00000cam a2200000 4500
001 in00000014552
005 20151007052235.0
008 720927m19359999be b b 00010 fre c
010 |a ac 35001901  
035 |a (OCoLC)00418927 
035 |9 AAA6921AM 
040 |a Cincinnati. Univ. Libr.  |c WSU  |d OCL  |d m.c.  |d SER  |d TXA  |d UtOrBLW 
049 |a TXAM  |d [  |v = t.]  |v 1 [A12585047]  |v 2  |p 1 [A11188753]  |v 2  |p 2 [A11188800]  |v 3 [A11068157] 
050 4 |a DF553  |b .V37 1935 
082 0 |a 949.5 
100 1 |a Vasilʹev, A. A.  |q (Aleksandr Aleksandrovich),  |d 1867-1953. 
245 1 0 |a Byzance et les Arabes /  |c A.A. Vasiliev. 
264 1 |a Bruxelles :  |b Institut de philologie et d'histoire orientales,  |c 1935- 
300 |a volumes :  |b folded maps. ;  |c 26 cm. 
336 |a text  |b txt  |2 rdacontent 
337 |a unmediated  |b n  |2 rdamedia 
338 |a volume  |b nc  |2 rdacarrier 
490 1 |a Corpus bruxellense historiae byzantinae ;  |v 1-2 
504 |a "Bibliographie sommarie": volume 1, pages 425-426. 
505 1 |a t. 1. La dynastie d'Amorium (820-867) Édition française préparée par H. Grégoire et M. Canard, avec le concours de C. Nallino, E. Honigmann, et C. Backvis.--t. 2. La dynastie Macédonienne ... par H. Grégoire et M. Canard.--t. 3. Die ostgrenze des Byzantinischen reiches von 363 bis 1017, nach griechischen, arabischen, syrischen und armenischen quellen, von Ernst Honigmann. 
651 0 |a Byzantine Empire  |x History. 
651 0 |a Islamic Empire  |x History. 
830 0 |a Corpus bruxellense historiae byzantinae ;  |v 1. 
999 |a MARS 
999 f f |s 508c5597-12e4-3263-9abc-90beed895002  |i 20ed7540-071c-3ff0-92a5-76309d12e977  |t 0 
952 f f |p ric  |a Texas A&M University  |b Rellis Campus  |c Joint Library Facility  |d Remote Storage  |t 0  |e DF553 .V37 1935  |h Library of Congress classification  |i unmediated -- volume  |k t.1  |m A14812585047 
952 f f |p ric  |a Texas A&M University  |b Rellis Campus  |c Joint Library Facility  |d Remote Storage  |t 0  |e DF553 .V37 1935  |h Library of Congress classification  |i unmediated -- volume  |k t.2 pt.2  |m A14811188800 
952 f f |p ric  |a Texas A&M University  |b Rellis Campus  |c Joint Library Facility  |d Remote Storage  |t 0  |e DF553 .V37 1935  |h Library of Congress classification  |i unmediated -- volume  |k t.3  |m A14811068157 
952 f f |p ric  |a Texas A&M University  |b Rellis Campus  |c Joint Library Facility  |d Remote Storage  |t 0  |e DF553 .V37 1935  |h Library of Congress classification  |i unmediated -- volume  |k t.2 pt.1  |m A14811188753 
998 f f |a DF553 .V37 1935  |s t.1;t.2:pt.1-t.2:pt.2;t.3  |t 0  |l Remote Storage